000 00540nam a22001937a 4500
999 _c172758
_d172758
005 20200212143819.0
010 _a211416
020 _c7.00
035 _a211416
037 _bBPPD/Pub.
082 _a921
100 _aملیح آبادی
245 _aذکر آذاد /
_cملیح آبادی
246 _aZikr-E-Azad (Urdu) /
_bby Maleeh Abadi
260 _aKolkata
_bDaftraz-o-Hind
_c1960 ء
270 _aNo. 22 A, Sagar Dutt Lane
_bKolkata
_e12
300 _a480p.
_c17cm(Hb)
942 _2ddc
_cUR
_h921
_mا ب و